|
|
|
|
| LEADER |
00000nam0a2200000 4500 |
| 001 |
279967 |
| 005 |
20231101235248.0 |
| 035 |
|
|
|a (RuTPU)RU\TPU\book\303273
|
| 090 |
|
|
|a 279967
|
| 100 |
|
|
|a 20141224d1986 m y0rusy50 ca
|
| 101 |
0 |
|
|a rus
|
| 102 |
|
|
|a RU
|
| 105 |
|
|
|a a j 001zy
|
| 200 |
1 |
|
|a Методы испытаний и оборудование для контроля качества полупроводниковых приборов
|e учебник
|f Б. Л. Перельман, В. Г. Сидоров
|
| 205 |
|
|
|a 2-е изд., перераб. и доп.
|
| 210 |
|
|
|a Москва
|c Высшая школа
|d 1986
|
| 215 |
|
|
|a 224 с.
|c ил.
|
| 225 |
1 |
|
|a Профессионально-техническое образование
|
| 320 |
|
|
|a Библиогр.: с. 221
|
| 606 |
1 |
|
|a Полупроводниковые приборы
|x Испытание на надежность
|2 stltpush
|3 (RuTPU)RU\TPU\subj\50680
|9 69331
|
| 610 |
1 |
|
|a электромонтажные работы
|
| 610 |
1 |
|
|a оборудование
|
| 610 |
1 |
|
|a наладка
|
| 610 |
1 |
|
|a радиодетали
|
| 610 |
1 |
|
|a электрические измерения
|
| 610 |
1 |
|
|a технические требования
|
| 610 |
1 |
|
|a электрические параметры
|
| 610 |
1 |
|
|a механические нагрузки
|
| 610 |
1 |
|
|a механические испытания
|
| 610 |
1 |
|
|a климатические факторы
|
| 610 |
1 |
|
|a учебники
|
| 675 |
|
|
|a 621.382.01(075.32)
|v 4
|
| 700 |
|
1 |
|a Перельман
|b Б. Л.
|g Бениамин Лазаревич
|
| 701 |
|
1 |
|a Сидоров
|b В. Г.
|g Владимир Григорьевич
|
| 801 |
|
1 |
|a RU
|b 63413507
|c 20141224
|
| 801 |
|
2 |
|a RU
|b 63413507
|c 20170426
|g RCR
|
| 942 |
|
|
|c BK
|